000 00611nam a2200193Ia 4500
003 GCL
008 140319s9999 xx 000 0 ara d
020 _a5272232977
040 _aGCL /
_cGCL
082 0 4 _a646.4
_bي ق
100 1 _aيسرى معوض عيسى احمد
245 1 0 _aقواعد واسس تصميم الازياء /
_cيسرى معوض عيسى احمد
250 _aالاولى
260 _aالقاهرة :
_bعالم الكتب الحديث ،
_c2001
300 _a234 ص ؛
_c30 سم
650 0 4 _aتفصيل الملابس
650 0 4 _aتصميم الازياء
942 _2ddc
_cBK
999 _c5190
_d5190